Účtovanie goodwillu pri zlúčení, splynutí a rozdelení spoločnosti podľa slovenskej právnej úpravy

Obstaranie goodwillu. Účtovanie goodwillu na účte 015 - Goodwill. Zlúčenie, splynutie a rozdelenie spoločnosti. Účtovanie goodwillu.

Salvato in:
Dettagli Bibliografici
Autore principale: Ondrušová, Lucia, 1981-
Natura: Capitolo di libro
Lingua:slovacco
Soggetti:
Tags: Aggiungi Tag
Nessun Tag, puoi essere il primo ad aggiungerne!!

MARC

LEADER 00000nla$a2200000$$$4500
001 0060462
005 20240502071652.5
041 0 |a slo 
044 |a SK 
245 1 0 |a Účtovanie goodwillu pri zlúčení, splynutí a rozdelení spoločnosti podľa slovenskej právnej úpravy  |c Lucia Ondrušová 
520 |a Obstaranie goodwillu. Účtovanie goodwillu na účte 015 - Goodwill. Zlúčenie, splynutie a rozdelenie spoločnosti. Účtovanie goodwillu. 
610 2 0 |a účtovníctvo 
610 2 0 |a účtovanie 
610 2 0 |a účty 
610 2 0 |a goodwill 
610 2 0 |a zlučovanie podnikov 
610 2 0 |a rozdelenie podniku 
610 2 0 |a úpravy právne 
100 1 |a Ondrušová, Lucia, 1981-